[Event "Titled Tue 21st May Early"]
[Site "chess.com INT"]
[Date "2024.05.21"]
[Round "10"]
[White "Corrales Jimenez,F"]
[Black "Nakamura,Hi"]
[Result "0-1"]
[WhiteElo "2545"]
[BlackElo "2794"]

1.d4 a6 2.e4 e6 3.Nf3 d5 4.e5 c5 5.c3 Bd7 6.Bd3 Bb5 7.O-O Bxd3 8.Qxd3 Qb6
9.dxc5 Qxc5 10.a4 Ne7 11.b4 Qc7 12.Re1 Nd7 13.Bf4 Rc8 14.h3 Qc4 15.Qd2 Ng6
16.Bg3 Be7 17.Na3 Qc7 18.Rac1 Nb6 19.a5 Nc4 20.Nxc4 Qxc4 21.Qe3 O-O 22.Nd4 Bd8
23.Nf3 Ne7 24.Qd2 Bc7 25.Nd4 Bb8 26.Kh2 Ba7 27.f4 Bxd4 28.cxd4 Qb5 29.Rc5 Rxc5
30.bxc5 Nc6 31.Ra1 f6 32.Ra2 fxe5 33.fxe5 Rf7 34.Bf2 h6 35.Be3 Qb4 36.Qd3 Qe1
37.Re2 Qf1 38.Qd2 Qa1 39.Re1 Qxa5 40.Qe2 Ne7 41.Rb1 Nf5 42.Bf2 Qa4 43.Qd3 Qc4
44.Qxc4 dxc4 45.Kg1 c3 46.g4 Ne7 47.Rc1 Nd5 48.Kg2 Nf4+ 49.Kf1 Nd3 50.Rc2 Rxf2+  0-1

[Event "Titled Tue 21st May Late"]
[Site "chess.com INT"]
[Date "2024.05.21"]
[Round "11"]
[White "Dominguez Perez,L"]
[Black "Nakamura,Hi"]
[Result "0-1"]
[WhiteElo "2748"]
[BlackElo "2794"]

1.e4 a6 2.d4 e6 3.Nf3 c5 4.c4 d6 5.Nc3 Nf6 6.dxc5 dxc5 7.Qxd8+ Kxd8 8.e5 Nfd7
9.Bf4 b6 10.Bd3 Bb7 11.Be4 Bxe4 12.Nxe4 h6 13.h4 Nc6 14.O-O-O Kc7 15.Rd2 Be7
16.Rhd1 Rhd8 17.h5 b5 18.b3 bxc4 19.bxc4 Nb6 20.Rxd8 Nxd8 21.Nfd2 Nc6 22.Be3 Nb4
23.a3 Nd3+ 24.Kc2 Nxe5 25.Bf4 f6 26.Bxe5+ fxe5 27.Rh1 Nd7 28.Rh3 Nf6 29.Nxf6 gxf6
30.Rg3 f5 31.Rg6 Kd6 32.Rxh6 Rg8 33.Rg6 Rh8 34.g4 Kd7 35.f3 a5 36.a4 Bh4
37.h6 e4 38.gxf5 e3 39.fxe6+ Ke7 40.Rg7+ Kxe6 41.Rg4 Bf2 42.Re4+ Kf5 43.Nf1 e2
44.Rxe2 Bd4 45.Re4 Rxh6 46.Ne3+ Kg5 47.Nd5 Rh2+ 48.Kb3 Rb2+ 49.Ka3 Rf2 50.f4+ Kf5
51.Re7 Rf3+ 52.Ka2 Rh3 53.Re8 Rg3 54.Re7 Rd3 55.Re8 Rh3 56.Re2 Kg4 57.Re8 Rh2+
58.Kb3 Rb2+ 59.Ka3 Rb1 60.Ka2 Rb7 61.Ka3 Kf5 62.Ka2 Rh7 63.Re2 Rh3  0-1

[Event "Titled Tue 21st May Early"]
[Site "chess.com INT"]
[Date "2024.05.21"]
[Round "11"]
[White "Nakamura,Hi"]
[Black "Pranesh,M"]
[Result "1-0"]
[WhiteElo "2794"]
[BlackElo "2535"]

1.h4 d5 2.d4 Nf6 3.Bf4 c5 4.e3 Nc6 5.c3 e6 6.Nd2 Bd6 7.Bxd6 Qxd6 8.f4 cxd4
9.cxd4 h5 10.Qb3 Ng4 11.Be2 Bd7 12.Bxg4 hxg4 13.Ne2 Rc8 14.Rc1 O-O 15.Kf2 Na5
16.Qd1 f5 17.Kg3 Bb5 18.Nc3 Bd3 19.Nb3 Nxb3 20.Qxb3 Bc4 21.Qd1 Rc6 22.b3 Ba6
23.Na4 b6 24.Qd2 Rfc8 25.Qb2 Bd3 26.Rc3 Rxc3 27.Nxc3 Rc6 28.Rc1 Qc7 29.Qd2 Ba6
30.Kf2 Kh7 31.g3 g6 32.Ke1 Bb7 33.Kd1 Ba6 34.Rc2 Kh6 35.Kc1 Bf1 36.Kb2 a5
37.Rc1 Ba6 38.h5 gxh5 39.Qh2 Qg7 40.Rh1 Qg6 41.Qh4 Kg7 42.Qd8 Bc8 43.Nb5 Qf6
44.Qe8 e5 45.fxe5 Qg6 46.Qe7+ Qf7 47.Qxf7+ Kxf7 48.Rxh5 Ba6 49.Nd6+ Kg6 50.Rxf5 Bd3
51.Rf2 b5 52.Rd2 Bf1 53.e4 dxe4 54.Nxe4 Kf5 55.Nd6+ Ke6 56.d5+  1-0

[Event "12th Norway Armageddon"]
[Site "Stavanger NOR"]
[Date "2024.05.27"]
[Round "1.3"]
[White "Caruana,F"]
[Black "Nakamura,Hi"]
[Result "0-1"]
[WhiteElo "2805"]
[BlackElo "2794"]

1.e4 c5 2.Nf3 d6 3.d4 cxd4 4.Nxd4 Nf6 5.Nc3 e5 6.Bb5+ Nbd7 7.Nf5 a6 8.Be2 Nc5
9.Ng3 b5 10.a3 Be7 11.O-O O-O 12.Be3 Bb7 13.Bf3 g6 14.Qd2 h5 15.Bh6 Re8 16.Rfe1 Ne6
17.Rad1 Nd4 18.Nf5 Nxf5 19.exf5 Bxf3 20.gxf3 Qc8 21.fxg6 fxg6 22.Bg5 Qf5
23.Bxf6 Qxf6 24.Nd5 Qxf3 25.Re3 Qf7 26.Rg3 Bh4 27.Rg2 Kh7 28.Nc3 e4 29.Qe2 Qf3
30.Rxd6 Rad8 31.Rxd8 Rxd8 32.Kf1 Qf4 33.Qe3 Qf3 34.h3 Rd6 35.Rg1 a5 36.b4 axb4
37.axb4 Bf6 38.Qxe4 Rd1+  0-1

[Event "12th Norway Chess 2024"]
[Site "Stavanger NOR"]
[Date "2024.05.27"]
[Round "1.3"]
[White "Caruana,F"]
[Black "Nakamura,Hi"]
[Result "1/2-1/2"]
[WhiteElo "2805"]
[BlackElo "2794"]

1.e4 e5 2.Nf3 Nc6 3.Bc4 Nf6 4.d3 h6 5.c3 Bc5 6.O-O O-O 7.Re1 d6 8.h3 Bb6
9.Nbd2 a5 10.Bb5 Be6 11.a4 Nd7 12.Nc4 f5 13.exf5 Bxf5 14.d4 e4 15.Nh2 d5
16.Nxb6 Nxb6 17.f3 exf3 18.Qxf3 Ne7 19.Qg3 Ng6 20.Rf1 c6 21.Rxf5 Rxf5 22.Bd3 Qh4
23.Qxg6 Qf2+ 24.Kh1 Qe1+ 25.Nf1 Rxf1+ 26.Bxf1 Qxf1+ 27.Kh2 Qf7 28.Qg3 Kh7
29.Bf4 Re8 30.b3 Re6  1/2-1/2

[Event "12th Norway Chess 2024"]
[Site "Stavanger NOR"]
[Date "2024.05.28"]
[Round "2.1"]
[White "Carlsen,M"]
[Black "Nakamura,Hi"]
[Result "1/2-1/2"]
[WhiteElo "2830"]
[BlackElo "2794"]

1.e4 e5 2.Nf3 Nc6 3.Bb5 a6 4.Ba4 Bc5 5.c3 Nge7 6.O-O Ng6 7.d4 Ba7 8.Re1 O-O
9.Be3 Qf6 10.Bxc6 exd4 11.Bxd4 Bxd4 12.Qxd4 Qxd4 13.Nxd4 dxc6 14.Nd2 c5 15.Nf5 Be6
16.Nf3 Rad8 17.g3 Rfe8 18.Kg2 f6 19.Re3 Nh8 20.h3 g6 21.N5h4 Nf7 22.g4 Bd7
23.Rae1 Bc6 24.Kg3 Re6 25.b3 Kf8 26.c4 a5 27.a4 b6 28.Ng2 g5 29.R1e2 Rd1
30.Nfe1 Red6 31.Rc3 Nd8 32.Ne3 R1d2 33.Rxd2 Rxd2 34.Nf3 Rb2 35.Nd5 Bxd5  1/2-1/2

[Event "12th Norway Armageddon"]
[Site "Stavanger NOR"]
[Date "2024.05.28"]
[Round "2.1"]
[White "Carlsen,M"]
[Black "Nakamura,Hi"]
[Result "1-0"]
[WhiteElo "2830"]
[BlackElo "2794"]

1.e4 e5 2.Nf3 Nc6 3.Bb5 a6 4.Ba4 Bc5 5.O-O Nge7 6.Nxe5 Nxe5 7.d4 b5 8.Bb3 Bxd4
9.Qxd4 d6 10.c3 O-O 11.Bf4 c5 12.Qd1 Bb7 13.Re1 Qc7 14.Bc2 Rad8 15.Nd2 Qc8
16.Qh5 Rfe8 17.Rad1 N7g6 18.Bg3 c4 19.Nf1 Nd3 20.Bxd3 cxd3 21.Rxd3 Rxe4 22.Rxe4 Bxe4
23.Rd4 Bb7 24.Qd1 h6 25.Rxd6 Rxd6 26.Qxd6 Kh7 27.Ne3 Qe8 28.Qd4 Qc6 29.f3 Qe6
30.b3 Ne7 31.Qd3+ Qg6 32.Qxg6+ Kxg6 33.Kf2 Nd5 34.Nd1 f6 35.Ke2 Kf7 36.Kd3 Ke6
37.Kd4 Ne7 38.Kc5 Kd7 39.Ne3 h5 40.c4 bxc4 41.bxc4 g5 42.Kb6 Bc6 43.Be1 h4
44.h3 Ng6 45.Bc3 f5 46.Nxf5 Nf4 47.Ne3 Ba4 48.Bf6 Ne6 49.Kxa6 Kd6 50.Kb6  1-0

[Event "12th Norway Armageddon"]
[Site "Stavanger NOR"]
[Date "2024.05.29"]
[Round "3.3"]
[White "Nakamura,Hi"]
[Black "Firouzja,Alireza"]
[Result "1-0"]
[WhiteElo "2794"]
[BlackElo "2737"]

1.d4 d5 2.c4 c6 3.Nf3 Nf6 4.e3 Bf5 5.Nc3 e6 6.Nh4 Be4 7.f3 Bg6 8.Bd2 Be7
9.Nxg6 hxg6 10.Qc2 dxc4 11.Bxc4 Nd5 12.O-O-O Nd7 13.Kb1 Rc8 14.Ne2 b5 15.Bd3 c5
16.dxc5 O-O 17.Bxb5 Nxc5 18.e4 Qb6 19.exd5 Qxb5 20.Nc3 Qb7 21.dxe6 Nxe6 22.Qe4 Rc6
23.Nd5 Ba3 24.Bb4 Bxb4 25.Nxb4 Rb6 26.Qxb7 Rxb7 27.Nd5 g5 28.h4 gxh4 29.Rxh4 f6
30.Re4 Kf7 31.Ne3 Rc7 32.Nf5 Ng5 33.Red4 g6 34.Nd6+ Kg8 35.b3 f5 36.Nc4 Kg7
37.Re1 Rh8 38.Nd6 Rc6 39.Ne8+ Kf8 40.Rd8  1-0

[Event "12th Norway Chess 2024"]
[Site "Stavanger NOR"]
[Date "2024.05.29"]
[Round "3.3"]
[White "Nakamura,Hi"]
[Black "Firouzja,Alireza"]
[Result "1/2-1/2"]
[WhiteElo "2794"]
[BlackElo "2737"]

1.d4 d5 2.c4 e6 3.Nc3 c5 4.cxd5 exd5 5.Nf3 Nc6 6.g3 Nf6 7.Bg2 cxd4 8.Nxd4 Bc5
9.Nb3 Bb6 10.O-O d4 11.Na4 O-O 12.Bg5 h6 13.Bxf6 Qxf6 14.Rc1 Re8 15.h3 Bf5
16.Nbc5 Bxc5 17.Nxc5 b6 18.Nd3 Be4 19.Bxe4 Rxe4 20.Qc2 Re6 21.Nf4 Rd6 22.Qe4 Rad8
23.Rfd1 g5 24.Nd3 Re6 25.Qg4 Ne5 26.Nxe5 Qxe5 27.Rc2 Qf6 28.h4 Rde8 29.hxg5 hxg5
30.Rxd4 Rxe2 31.Rxe2 Rxe2 32.Qxe2 Qxd4  1/2-1/2

[Event "12th Norway Chess 2024"]
[Site "Stavanger NOR"]
[Date "2024.05.30"]
[Round "4.2"]
[White "Nakamura,Hi"]
[Black "Praggnanandhaa,R"]
[Result "1-0"]
[WhiteElo "2794"]
[BlackElo "2747"]

1.d4 Nf6 2.c4 e6 3.Nc3 Bb4 4.e3 O-O 5.Bd2 c5 6.a3 Bxc3 7.Bxc3 Ne4 8.Ne2 b6
9.d5 Ba6 10.b3 b5 11.Qc2 exd5 12.cxd5 Nxc3 13.Qxc3 d6 14.Ng3 Nd7 15.Be2 Nf6
16.Qd2 Re8 17.f3 Qb6 18.e4 Bc8 19.a4 Bd7 20.axb5 Bxb5 21.Bxb5 Qxb5 22.Nf5 Nxe4
23.fxe4 Rxe4+ 24.Kf2 Re5 25.Nxd6 Qb6 26.Nc4 Qf6+ 27.Kg1 Re2 28.Rf1 Rxd2 29.Rxf6 Rxd5
30.Rf3 Rd1+ 31.Rf1 Rd3 32.Na5 Rd2 33.h4 Ra2 34.Nc4 a5 35.Rh3 a4 36.Nb6 Rb8
37.Nxa4 Rc2 38.Rf4 h5 39.Rd3 f6 40.Re4 Rb7 41.Kh2 Kf7 42.Kh3 Kg6 43.Kg3 Kh6
44.Kf3 Kg6 45.Kg3 Kh6 46.Kh2 Kg6 47.Rg3+ Kf7 48.Rf4 Rb8 49.Rgf3 Kg6 50.Kh3 Kf7
51.g3 Kg6 52.Re4 Kh6 53.Rfe3 Rb5 54.Rd3 Rb8 55.Rc4 Rxc4 56.bxc4 Rb4 57.Nxc5 Rxc4
58.Ne6 g5 59.Rd5 gxh4 60.gxh4 Kg6 61.Nd4 Rc3+ 62.Kg2 Rd3 63.Nf5 Ra3 64.Ng3 Ra2+
65.Kf3 Ra3+ 66.Kf4 Ra4+ 67.Ne4 Ra1 68.Rd6 Rf1+ 69.Ke3 Rf5 70.Rc6 Rf1 71.Ra6 Rf5
72.Ra1 Re5 73.Kd4 Re6 74.Rf1 Ra6 75.Nc3 Ra3 76.Rf4 Ra6 77.Nd5 Re6 78.Re4 Rd6
79.Rf4 Re6 80.Kd3 Kf7 81.Ra4 Rd6 82.Ke4 Re6+ 83.Kf3 Re5 84.Ra7+ Kg6 85.Nf4+ Kf5
86.Rh7  1-0

[Event "12th Norway Chess 2024"]
[Site "Stavanger NOR"]
[Date "2024.06.01"]
[Round "5.2"]
[White "Ding Liren"]
[Black "Nakamura,Hi"]
[Result "0-1"]
[WhiteElo "2762"]
[BlackElo "2794"]

1.d4 d5 2.c4 c5 3.cxd5 Nf6 4.Nc3 Nxd5 5.Nf3 cxd4 6.Qxd4 Nxc3 7.Qxc3 Nc6 8.e4 a6
9.Be2 e5 10.a3 Bg4 11.O-O Rc8 12.Qb3 Na5 13.Qa4+ b5 14.Qd1 Qxd1 15.Rxd1 Nb3
16.Rb1 Bc5 17.Kf1 f6 18.Rd3 Be6 19.Nd2 Nd4 20.b4 Bb6 21.Bb2 Nxe2 22.Kxe2 Ke7
23.f3 Rc2 24.Rc3 Bc4+ 25.Ke1 Bf2+ 26.Kd1 Rxc3 27.Bxc3 Rd8 28.Ra1 Bf1 29.g3 Be3
30.a4 bxa4 31.Rxa4 Bb5 32.Ra1 Rd3 33.Rc1 h5 34.Kc2 Bxd2 35.Bxd2 Rxf3 36.Re1 Bc6
37.Re3 Rf2 38.h4 Ba4+ 39.Kc3 Ke6 40.Re1 Rg2 41.Re3 g6 42.Be1 Bb5 43.Kb3 Be2
44.Bc3 Rf2 45.Kc2 Bg4+ 46.Bd2 Be2 47.Bc3 Bf3+ 48.Kd3 Bg2 49.Re1 g5 50.Bd2 gxh4
51.gxh4 Bf1+ 52.Kc3 Be2 53.Be3 Rh2 54.Bc5 Bb5  0-1

[Event "12th Norway Armageddon"]
[Site "Stavanger NOR"]
[Date "2024.06.02"]
[Round "6.3"]
[White "Nakamura,Hi"]
[Black "Caruana,F"]
[Result "0-1"]
[WhiteElo "2794"]
[BlackElo "2805"]

1.d4 Nf6 2.c4 e6 3.Nc3 Bb4 4.e3 b6 5.Ne2 Ba6 6.Ng3 Bxc3+ 7.bxc3 d5 8.cxd5 Bxf1
9.Rxf1 Qxd5 10.f3 Nc6 11.Qe2 Na5 12.e4 Qc4 13.Qxc4 Nxc4 14.Bg5 Nd7 15.Ke2 O-O
16.Rab1 a6 17.Rfd1 b5 18.d5 Ndb6 19.dxe6 fxe6 20.Ke1 h6 21.Bc1 Rad8 22.f4 Na4
23.Ne2 Nc5 24.Ng3 Na4 25.Ne2 Nc5 26.e5 Nd3+ 27.Kf1 c5 28.Kg1 Rd5 29.Rf1 Nxc1
30.Rbxc1 Rd2 31.Ng3 Rxa2 32.Ne4 Ne3 33.Rf2 Rxf2 34.Kxf2 Nc4 35.Kg3 Rc8 36.Rb1 Ne3
37.Kf3 Nd5 38.Ra1 Rc6 39.g4 c4 40.f5 b4 41.cxb4 c3 42.b5 axb5 43.Ra8+ Kh7
44.Nd6 Nb6 45.Re8 c2 46.Nf7 Rc8  0-1

[Event "12th Norway Chess 2024"]
[Site "Stavanger NOR"]
[Date "2024.06.02"]
[Round "6.3"]
[White "Nakamura,Hi"]
[Black "Caruana,F"]
[Result "1/2-1/2"]
[WhiteElo "2794"]
[BlackElo "2805"]

1.d4 Nf6 2.c4 e6 3.Nc3 Bb4 4.e3 b6 5.Ne2 Ba6 6.Ng3 Bxc3+ 7.bxc3 d5 8.Qf3 O-O
9.cxd5 Bxf1 10.Kxf1 exd5 11.e4 dxe4 12.Nxe4 Nxe4 13.Qxe4 Nd7 14.Qf3 c5 15.Be3 cxd4
16.Bxd4 Re8 17.g3 Nf8 18.Kg2 Ne6 19.Rhe1 Nxd4 20.cxd4 Qxd4 21.Re7 Qf6 22.Qxf6 gxf6
23.Rb7 Re2 24.a4 Re4 25.a5 bxa5 26.Rxa5 a6 27.f4 Kg7 28.Kf3 Ree8 29.Kg4 Reb8
30.Rxb8 Rxb8  1/2-1/2

[Event "12th Norway Armageddon"]
[Site "Stavanger NOR"]
[Date "2024.06.03"]
[Round "7.1"]
[White "Nakamura,Hi"]
[Black "Carlsen,M"]
[Result "1-0"]
[WhiteElo "2794"]
[BlackElo "2830"]

1.d4 Nf6 2.c4 e6 3.Nc3 d5 4.cxd5 exd5 5.Bg5 Be7 6.e3 h6 7.Bh4 Bg4 8.f3 Be6
9.Bd3 c5 10.Nge2 Nc6 11.O-O O-O 12.Re1 Re8 13.Bc2 Rc8 14.Nf4 cxd4 15.Nxe6 fxe6
16.exd4 Nxd4 17.Bg6 Rf8 18.Bf2 Nc6 19.Rxe6 d4 20.Ne2 Bc5 21.Nf4 Nd5 22.Qb3 Nxf4
23.Rd6+ Kh8 24.Rxd8 Rcxd8 25.Qxb7 Ne5 26.Be4 Bb6 27.a4 Nc4 28.Qa6 Nd2 29.a5 Bc5
30.Bb7 Nb3 31.Rd1 d3 32.Bxc5 Nxc5 33.Qxa7 Nxb7 34.Qxb7 Rfe8 35.g3 d2 36.Qb4 Rd4
37.Qxd2 Rxd2 38.Rxd2 Ne6 39.b4 Kg8 40.b5 Ra8 41.Ra2 Kf7 42.Kf2 Ke7 43.b6 Nc5
44.Ke3 Kd6 45.Kf4 g6 46.h4 Kd5 47.Kg4 Kc6 48.h5 Rg8 49.Rc2 Kb5 50.hxg6 Rxg6+
51.Kh5  1-0

[Event "12th Norway Chess 2024"]
[Site "Stavanger NOR"]
[Date "2024.06.03"]
[Round "7.1"]
[White "Nakamura,Hi"]
[Black "Carlsen,M"]
[Result "1/2-1/2"]
[WhiteElo "2794"]
[BlackElo "2830"]

1.d4 Nf6 2.c4 e6 3.Nc3 Bb4 4.f3 d5 5.a3 Bxc3+ 6.bxc3 c5 7.cxd5 Nxd5 8.dxc5 Qa5
9.e4 Ne7 10.Be3 O-O 11.Qd2 Rd8 12.Qb2 Na6 13.Nh3 e5 14.Nf2 Be6 15.Nd3 Qc7
16.Qb5 Bd7 17.Qb2 Be6 18.Qb5 Bd7 19.Qb2 Be6 20.Qb5  1/2-1/2

[Event "12th Norway Chess 2024"]
[Site "Stavanger NOR"]
[Date "2024.06.04"]
[Round "8.3"]
[White "Firouzja,Alireza"]
[Black "Nakamura,Hi"]
[Result "1/2-1/2"]
[WhiteElo "2737"]
[BlackElo "2794"]

1.e4 e5 2.Nf3 Nc6 3.Bc4 Nf6 4.d3 h6 5.c3 Bc5 6.b4 Be7 7.Qb3 O-O 8.a4 d6 9.O-O Nb8
10.Qa2 a5 11.b5 Bg4 12.Nh4 d5 13.exd5 Bd6 14.f3 Bc8 15.g3 Bh3 16.Ng2 Nbd7
17.Be3 Nh5 18.g4 Nf4 19.Bxf4 exf4 20.Nd2 h5 21.gxh5 f5 22.d4 Qg5 23.Rf2 Rae8
24.b6 Nxb6 25.Bb5 Re3 26.c4 Bb4 27.c5 Ra3 28.Qb1 Rxa1 29.Qxa1 Nxd5 30.Bc4 Rd8
31.Qe1 Kh7 32.Qe5 Bxd2 33.Rxd2 Ne3 34.Qxf4 Qxf4 35.Nxf4 Nxc4 36.Re2 Rxd4
37.Nxh3 Kh6 38.Re7 Nd2 39.Kg2 Rxa4 40.Rxc7 Rb4 41.c6 bxc6 42.Rxc6+ Kxh5 43.Rc5 Nc4
44.Rxf5+ Kh6 45.Rc5 a4 46.Nf4 Ne3+ 47.Kf2 Nd1+ 48.Kg3 Kh7 49.Rh5+ Kg8 50.Ra5 Nb2
51.Ra8+ Kf7 52.Ra7+ Kg8 53.Ne6 Rb6 54.Nc5 Rg6+ 55.Kf2 Rh6 56.Nxa4 Nxa4  1/2-1/2

[Event "12th Norway Armageddon"]
[Site "Stavanger NOR"]
[Date "2024.06.04"]
[Round "8.3"]
[White "Firouzja,Alireza"]
[Black "Nakamura,Hi"]
[Result "1-0"]
[WhiteElo "2737"]
[BlackElo "2794"]

1.e4 e5 2.Nf3 Nc6 3.Bc4 Nf6 4.d3 h6 5.c3 Bc5 6.b4 Be7 7.Qb3 O-O 8.a4 d6 9.O-O Nb8
10.Qa2 a5 11.b5 c6 12.Nbd2 Bg4 13.h3 Bh5 14.Re1 d5 15.exd5 cxd5 16.Bb3 Nbd7
17.Nxe5 Nxe5 18.Rxe5 Bd6 19.Re1 Qd7 20.Ba3 Rac8 21.c4 Bg6 22.d4 Bxa3 23.Qxa3 dxc4
24.Nxc4 Qxd4 25.Rad1 Qf4 26.Qd6 Qxd6 27.Rxd6 Bc2 28.Ba2 Ne4 29.Rd7 Nc5 30.Rde7 Nd3
31.R1e3 Nb4 32.Nd6 Rcd8 33.Bxf7+ Rxf7 34.Nxf7 Rd1+ 35.Kh2 Nd5 36.Nxh6+ gxh6
37.Rg3+ Kf8 38.Rxb7 Bxa4 39.Rg6 Ne7 40.Re6 Nc8  1-0

[Event "12th Norway Chess 2024"]
[Site "Stavanger NOR"]
[Date "2024.06.06"]
[Round "9.2"]
[White "Nakamura,Hi"]
[Black "Ding Liren"]
[Result "1/2-1/2"]
[WhiteElo "2794"]
[BlackElo "2762"]

1.d4 Nf6 2.c4 e6 3.Nc3 Bb4 4.e3 O-O 5.Bd2 d5 6.Nf3 b6 7.cxd5 exd5 8.Bd3 Bd6
9.Nb5 Be7 10.O-O c5 11.Ne5 Bb7 12.Rc1 Re8 13.Nc3 Nc6 14.Ne2 Rc8 15.Bc3 Nxe5
16.dxe5 Ne4 17.Be1 c4 18.Bxe4 dxe4 19.Bc3 b5 20.Bd4 a5 21.Nf4 Bc5 22.Bxc5 Qxd1
23.Rfxd1 Rxc5 24.h4 Rcxe5 25.a4 Bc6 26.Rd6 Rc8 27.axb5 Bxb5 28.Ne2 Kf8 29.Ra1 a4
30.Nc3 Be8 31.Rb6 h5 32.Rb4 g6 33.Ra2 Kg7 34.Nxa4 Bxa4 35.Raxa4 c3 36.bxc3 Rxc3
37.Rxe4 Rxe4 38.Rxe4 Rc2 39.Rf4 Ra2 40.Kh2 Rb2 41.Kg3 Ra2 42.Rd4 Re2 43.Kf3 Ra2
44.e4 Ra3+ 45.Kf4 Ra2 46.Ke3 Ra3+ 47.Rd3 Ra4 48.g3 Ra1 49.Rd7 Re1+ 50.Kf4 Re2
51.f3 Re1 52.Ra7 Re2 53.e5 Re1 54.Ra4 Re2 55.Ra3 Re1 56.Re3 Ra1 57.Ke4 Ra4+
58.Kd5 Ra5+ 59.Kc6 Ra6+ 60.Kb5 Ra1 61.Rd3 Re1 62.f4 Ra1 63.Kc6 Kf8 64.Kd5 Ra5+
65.Ke4 Ra4+ 66.Kf3 Kg7 67.g4 hxg4+ 68.Kxg4 Ra1 69.f5 gxf5+ 70.Kxf5 Rf1+ 71.Ke4 Kg6
72.Rg3+ Kh5 73.Rg5+ Kxh4 74.Rf5 Rxf5 75.Kxf5 Kg3 76.Kg5 Kf3 77.Kf5 Ke3 78.Kf6 Ke4
79.e6 fxe6 80.Kxe6  1/2-1/2

[Event "12th Norway Armageddon"]
[Site "Stavanger NOR"]
[Date "2024.06.06"]
[Round "9.2"]
[White "Nakamura,Hi"]
[Black "Ding Liren"]
[Result "0-1"]
[WhiteElo "2794"]
[BlackElo "2762"]

1.Nf3 d5 2.e3 Nf6 3.c4 e6 4.Nc3 Be7 5.b3 O-O 6.g3 c5 7.Bg2 d4 8.Na4 Nc6 9.exd4 cxd4
10.O-O e5 11.d3 h6 12.a3 a5 13.Re1 Bd6 14.h3 Bf5 15.g4 Bh7 16.g5 hxg5 17.Bxg5 Re8
18.c5 Bc7 19.Nb2 Qd7 20.Bxf6 gxf6 21.Nh4 f5 22.Qh5 Kg7 23.Nc4 Bg6 24.Nxg6 fxg6
25.Qf3 Rad8 26.b4 axb4 27.axb4 Nxb4 28.Rab1 Na6 29.Qxb7 Nxc5 30.Qa7 Nxd3
31.Red1 e4 32.Qa2 Nf4 33.Rb7 Re7 34.Qa7 Nxg2 35.Kxg2 e3 36.Ne5 Qd5+ 37.Nf3 e2
38.Re1 Rdd7 39.Qa6 d3 40.Rb2 Be5 41.Rb5 Qe4 42.Rb6 f4 43.Re6 Qf5 44.Rc6 d2
45.Rxe2 d1=Q 46.Nxe5 Rxe5  0-1

[Event "12th Norway Armageddon"]
[Site "Stavanger NOR"]
[Date "2024.06.07"]
[Round "10.2"]
[White "Praggnanandhaa,R"]
[Black "Nakamura,Hi"]
[Result "1-0"]
[WhiteElo "2747"]
[BlackElo "2794"]

1.d4 Nf6 2.Bf4 d5 3.e3 c5 4.Nf3 Nc6 5.Bb5 Qb6 6.c4 Bg4 7.Nc3 e6 8.O-O a6
9.dxc5 Qxc5 10.Na4 Qa7 11.Bxc6+ bxc6 12.Rc1 Be7 13.cxd5 Nxd5 14.h3 Bxf3 15.Qxf3 Rc8
16.Be5 O-O 17.Rc4 c5 18.Rfc1 Nb6 19.Qg4 g6 20.Nxb6 Qxb6 21.b4 Rc6 22.bxc5 Qb7
23.h4 f6 24.Bd6 f5 25.Qg3 Rd8 26.h5 g5 27.e4 fxe4 28.Qe5 Qd7 29.h6 Bf8 30.Qxg5+ Kf7
31.Bxf8  1-0

[Event "12th Norway Chess 2024"]
[Site "Stavanger NOR"]
[Date "2024.06.07"]
[Round "10.2"]
[White "Praggnanandhaa,R"]
[Black "Nakamura,Hi"]
[Result "1/2-1/2"]
[WhiteElo "2747"]
[BlackElo "2794"]

1.e4 e5 2.Nf3 Nc6 3.Bb5 a6 4.Ba4 Bc5 5.c3 Nge7 6.d4 exd4 7.cxd4 Bb4+ 8.Bd2 Bxd2+
9.Qxd2 d5 10.exd5 Nxd5 11.Bxc6+ bxc6 12.O-O O-O 13.Ne5 Re8 14.Re1 Bf5 15.Nc3 Nb4
16.Qf4 Be6 17.Re2 Nd5 18.Qg3 Nxc3 19.bxc3 c5 20.dxc5 Qd5 21.c6 Qd6 22.Nf3 Qxc6
23.Nd4 Qd7 24.Rae1 Bc4 25.Nf5 g6 26.Re7 Rxe7 27.Nxe7+ Kg7 28.h4 h5 29.Qg5 Re8
30.Nf5+ Kg8 31.Rxe8+  1/2-1/2

[Event "Bullet Chess Winners 2024"]
[Site "chess.com INT"]
[Date "2024.06.10"]
[Round "1.18"]
[White "Yoo,Christopher Woojin"]
[Black "Nakamura,Hi"]
[Result "1-0"]
[WhiteElo "2599"]
[BlackElo "2794"]

1.e4 g6 2.h4 Bg7 3.h5 c5 4.Nf3 Nc6 5.Bb5 d6 6.d4 cxd4 7.Nxd4 Bd7 8.Bxc6 bxc6
9.Nc3 c5 10.Nde2 gxh5 11.Rxh5 Nf6 12.Rh1 Bc6 13.Ng3 h5 14.Nf5 Bf8 15.Qe2 e6
16.Bg5 exf5 17.e5 dxe5 18.Qxe5+ Qe7 19.Bxf6 Qxe5+ 20.Bxe5 Rh6 21.O-O-O Bxg2
22.Rhe1 Re6 23.Nb5 Rc8 24.Nc7+ Rxc7 25.Bxc7 Bh6+ 26.Kb1 h4 27.Rxe6+ fxe6
28.Rd8+ Ke7 29.Rh8 Bg5 30.Bd8+ Kf7 31.Bxg5 h3 32.Bf4 Kg7 33.Rh4 Kf6 34.Rh6+ Kg7
35.Rxe6 Kf7 36.Re3 Kf6 37.c4 a5 38.Kc2 Be4+ 39.Kc3 Bg2 40.b3 Kg6 41.a3 Kh5
42.Rg3 h2 43.Rxg2 h1=Q 44.Rh2+ Qxh2 45.Bxh2 Kg6 46.Bd6 Kf6 47.Bxc5 Ke6 48.b4 a4
49.b5 Kd7 50.Kb4 f4 51.Kxa4 f3 52.Kb4 Kc7 53.a4 Kb7 54.a5 Kc7 55.a6 Kb8 56.b6 Kc8
57.Bd6 Kd7 58.Kc5 Ke6 59.b7 Kf5 60.b8=Q Ke4 61.Qe8+  1-0

[Event "Bullet Chess Winners 2024"]
[Site "chess.com INT"]
[Date "2024.06.10"]
[Round "1.17"]
[White "Nakamura,Hi"]
[Black "Yoo,Christopher Woojin"]
[Result "1-0"]
[WhiteElo "2794"]
[BlackElo "2599"]

1.e4 e5 2.Nf3 Nc6 3.Bc4 Nf6 4.c3 Nxe4 5.d4 exd4 6.O-O d5 7.Bb5 Bd6 8.Nxd4 Bd7
9.Bxc6 bxc6 10.f3 Qh4 11.g3 Nxg3 12.Qe1+ Kf8 13.hxg3 Bxg3 14.Qe2 Re8 15.Qg2 Bh3
16.Qh1 Bxf1 17.Qxh4 Bxh4 18.Nf5 Re1 19.Bd2 Bd3+ 20.Bxe1 Bxe1 21.Nd4 c5 22.Nb3 c4
23.Nc5 Bf5 24.Na3 Bg3 25.Nb5 h5 26.Kg2 h4 27.Nxa7 g5 28.Nc6 Kg7 29.Nd4 Bg6
30.a4 Rb8 31.Ra2 Bb1 32.Ra1 Rxb2+ 33.Kh1 h3 34.a5 Rh2+ 35.Kg1 Rg2+ 36.Kh1 Rh2+
37.Kg1 Rg2+ 38.Kh1 Ra2 39.Rxa2 Bxa2 40.Nf5+ Kf6 41.Nxg3 d4 42.a6 Ke7 43.a7 dxc3
44.a8=Q c2 45.Qe4+ Kd6 46.Qxc2 Kxc5 47.Ne4+ Kd4 48.Qxa2 c3 49.Qc2  1-0

[Event "Bullet Chess Winners 2024"]
[Site "chess.com INT"]
[Date "2024.06.10"]
[Round "1.16"]
[White "Yoo,Christopher Woojin"]
[Black "Nakamura,Hi"]
[Result "0-1"]
[WhiteElo "2599"]
[BlackElo "2794"]

1.e4 g6 2.h4 h5 3.d4 c6 4.Nc3 d5 5.exd5 cxd5 6.Nf3 Bg4 7.Be2 Nc6 8.Ne5 Bxe2
9.Nxe2 Bg7 10.Nxc6 bxc6 11.Bg5 Nh6 12.O-O Nf5 13.c3 f6 14.Bd2 Nxh4 15.Nf4 Qd7
16.Re1 e5 17.dxe5 fxe5 18.g3 O-O 19.gxh4 exf4 20.Qf3 Qg4+ 21.Qxg4 hxg4 22.Re6 Kh7
23.Rxc6 Rab8 24.b3 Rbe8 25.Re1 Re4 26.Rxe4 dxe4 27.Re6 e3 28.fxe3 f3 29.Be1 Rd8
30.Re4 Rd1 31.Kf2 g3+ 32.Kxg3 Rxe1 33.Kxf3 a5 34.c4 Ra1 35.Re7 Rxa2 36.c5 Rc2
37.Rc7 Kh6 38.c6 Bf6 39.Kg4 Rh2 40.Rf7 Be5 41.Re7 Bf6 42.Rf7 Be5 43.Re7 Bb2
44.c7 Rc2 45.e4 Ba3 46.Rd7 Bb2 47.Kf4 Rc5 48.Ke3 Be5 49.Rd5 Rc3+ 50.Kd2 Bg7
51.Rd7 Rc6 52.Re7 Bf6 53.Re6 Bc3+ 54.Kd3 Rxc7 55.Rd6 Bb4 56.Rd5 Rc3+ 57.Ke2 Rxb3
58.e5 Rg3 59.e6 Rh3 60.Rd7 Rh2+ 61.Kd3 Rxh4 62.e7 Rh3+ 63.Ke4 Bxe7 64.Rxe7 Rh4+  0-1

[Event "Bullet Chess Winners 2024"]
[Site "chess.com INT"]
[Date "2024.06.10"]
[Round "1.15"]
[White "Nakamura,Hi"]
[Black "Yoo,Christopher Woojin"]
[Result "1/2-1/2"]
[WhiteElo "2794"]
[BlackElo "2599"]

1.b3 e5 2.Bb2 Nc6 3.e3 d5 4.Bb5 Bd6 5.Ne2 Ne7 6.d4 e4 7.c4 a6 8.Bxc6+ Nxc6
9.Nbc3 Nb4 10.O-O Nd3 11.Rb1 c6 12.cxd5 cxd5 13.Nxd5 Bxh2+ 14.Kxh2 Qxd5 15.Nc3 Qd6+
16.Kg1 Bf5 17.f3 exf3 18.Qxf3 Bg6 19.Qd5 Qe7 20.e4 Nxb2 21.Rxb2 Rd8 22.Qc4 O-O
23.d5 Qe5 24.Qd3 Rc8 25.Rf3 b5 26.Re2 b4 27.Na4 Rc1+ 28.Kf2 Bh5 29.Rf5 Qh2
30.Re1 Rxe1 31.Kxe1 Rc8 32.Kf2 Bg6 33.Rf3 Rc1 34.d6 Qg1+ 35.Kg3 Qe1+ 36.Kh2 Qh4+
37.Rh3 Qf4+ 38.Qg3 Qf1 39.Qe5 Qg1+ 40.Kg3 h6 41.d7 Qe3+ 42.Kh2 Qg1+ 43.Kg3 Rd1
44.Qe8+ Kh7 45.d8=Q Qe3+ 46.Kh2 Qg1+ 47.Kg3 Qe1+ 48.Kh2 Qh1+ 49.Kg3 Qe1+
50.Kh2 Qg1+ 51.Kg3  1/2-1/2

[Event "Bullet Chess Winners 2024"]
[Site "chess.com INT"]
[Date "2024.06.10"]
[Round "1.14"]
[White "Yoo,Christopher Woojin"]
[Black "Nakamura,Hi"]
[Result "0-1"]
[WhiteElo "2599"]
[BlackElo "2794"]

1.e4 g6 2.h4 Bg7 3.h5 c5 4.c3 Nc6 5.Nf3 d5 6.exd5 Qxd5 7.Na3 Bg4 8.Bc4 Qe4+
9.Qe2 Qxe2+ 10.Bxe2 Bxh5 11.Nb5 O-O-O 12.d4 cxd4 13.Nfxd4 Bxe2 14.Kxe2 Nxd4+
15.cxd4 a6 16.Nc3 Bxd4 17.Bf4 e5 18.Bg5 f6 19.Be3 Bxe3 20.fxe3 Ne7 21.Rac1 Kd7
22.Ne4 Ke6 23.Nc5+ Kf7 24.Nxb7 Rd7 25.Nc5 Rd6 26.Ne4 Rb6 27.b3 h5 28.Rhd1 f5
29.Nd6+ Ke6 30.Nc4 Rc6 31.Na5 Rxc1 32.Rxc1 h4 33.Rc7 g5 34.Ra7 g4 35.Rxa6+ Kd5
36.Ra7 h3 37.gxh3 gxh3 38.Rd7+ Ke6 39.Rd1 h2 40.Rh1 f4 41.exf4 Nf5 42.Kf3 e4+
43.Kg2 e3 44.Nc4 e2 45.Ne5 Rg8+ 46.Kf2 Rg1 47.Kxe2 Rxh1 48.Nf3 Re1+  0-1

[Event "Bullet Chess Winners 2024"]
[Site "chess.com INT"]
[Date "2024.06.10"]
[Round "1.1"]
[White "Nakamura,Hi"]
[Black "Yoo,Christopher Woojin"]
[Result "1-0"]
[WhiteElo "2794"]
[BlackElo "2599"]

1.Nf3 Nf6 2.b3 e6 3.Bb2 b6 4.e3 Bb7 5.c4 c5 6.d4 cxd4 7.Nxd4 Bb4+ 8.Bc3 Qe7
9.Nb5 O-O 10.Nc7 Bxc3+ 11.Nxc3 d5 12.Nxa8 Bxa8 13.cxd5 Nxd5 14.Nxd5 Bxd5
15.f3 Rd8 16.Qc2 Nc6 17.Kf2 Qf6 18.Rd1 Ne5 19.e4 Bb7 20.Rxd8+ Qxd8 21.Qc3 Ng6
22.Be2 h6 23.g3 Qe7 24.Rc1 Qa3 25.Rc2 Nf8 26.Qc7  1-0